Loading...
History - World History | 0 | 8 | 1 | 0 | 75 | 56 | 83.75 | 7 | 8 |
Literature - World Literature | 0 | 7 | 0 | 3 | 70 | 80 | 121.71 | 1 | 7 |
Literature - American Literature | 0 | 7 | 0 | 0 | 70 | 47 | 103.29 | 3 | 7 |
History - American History | 0 | 6 | 0 | 2 | 60 | 67 | 99.00 | 6 | 6 |
Literature - British Literature | 0 | 6 | 1 | 3 | 55 | 85 | 122.50 | 3 | 6 |
History - European History | 0 | 6 | 2 | 0 | 50 | 50 | 73.83 | 6 | 6 |
Mythology | 0 | 4 | 0 | 1 | 40 | 60 | 96.00 | 2 | 4 |
Literature - European Literature | 0 | 5 | 2 | 1 | 40 | 92 | 124.20 | 4 | 5 |
History - Other History | 0 | 4 | 2 | 0 | 30 | 72 | 98.25 | 3 | 4 |
Fine Arts - Painting and Sculpture | 0 | 3 | 0 | 2 | 30 | 130 | 135.00 | 1 | 3 |
Fine Arts - Other Fine Arts | 0 | 4 | 3 | 1 | 25 | 102 | 122.50 | 2 | 4 |
Fine Arts - Classical Music | 0 | 2 | 0 | 1 | 20 | 125 | 130.00 | 1 | 2 |
Social Science | 0 | 2 | 1 | 1 | 15 | 84 | 105.00 | 0 | 2 |
Other Academic | 0 | 1 | 0 | 0 | 10 | 42 | 42.00 | 1 | 1 |
Philosophy | 0 | 1 | 0 | 1 | 10 | 121 | 121.00 | 0 | 1 |
Religion | 0 | 1 | 0 | 1 | 10 | 140 | 140.00 | 1 | 1 |
Science - Chemistry | 0 | 1 | 0 | 1 | 10 | 121 | 121.00 | 0 | 1 |
Science - Physics | 0 | 1 | 0 | 1 | 10 | 115 | 115.00 | 0 | 1 |
Geography | 0 | 1 | 1 | 0 | 5 | 58 | 58.00 | 1 | 1 |
Science - Biology | 0 | 1 | 2 | 0 | 0 | 81 | 81.00 | 0 | 1 |
Pop Culture | 0 | 0 | 1 | 0 | -5 | 0.00 | 0 | 0 |